[Event "AUTO-ELITE-43"]
[Site "http://www.queenalice.com/game.php?id=63169"]
[Date "2006.4.14"]
[Round "1"]
[White "gdan"]
[Black "topot"]
[Result "1-0"]
[WhiteElo "1959"]
[BlackElo "1371"]

1. e4 e5 2. Nf3 Nc6 3. Bb5 Nge7 4. O-O a6 5. Ba4 b5 6. Bb3 Bb7 7. Ng5 d5 8. Qf3
f6 9. Ne6 Qd7 10. exd5 Nb4 11. Nxf8 1-0

[Event "AUTO-ELITE-43"]
[Site "http://www.queenalice.com/game.php?id=63170"]
[Date "2006.4.14"]
[Round "1"]
[White "topot"]
[Black "gdan"]
[Result "0-1"]
[WhiteElo "1373"]
[BlackElo "1957"]

1. e4 c6 2. d4 d5 3. e5 Bf5 4. Qf3 Bxc2 5. Nh3 h6 6. Bd3 Bxd3 7. Qxd3 e6 8. O-O
Nd7 9. Bf4 Be7 10. Nd2 Bg5 11. Qg3 f6 0-1

[Event "AUTO-ELITE-43"]
[Site "http://www.queenalice.com/game.php?id=63177"]
[Date "2006.4.14"]
[Round "1"]
[White "MikeDoherty"]
[Black "topot"]
[Result "1-0"]
[WhiteElo "1918"]
[BlackElo "1500"]

1. e4 e5 2. Nf3 Nc6 3. Bb5 Nge7 4. O-O a6 5. Bc4 d5 6. exd5 Nxd5 7. Re1 Bg4 8.
Nxe5 Be6 9. Qh5 Qf6 10. Bxd5 O-O-O 11. Bxc6 Bc5 12. Bxb7+ Kxb7 13. Qf3+ Qxf3 14.
Nxf3 h5 15. d3 h4 16. h3 f6 17. Rxe6 g5 18. Nc3 g4 19. hxg4 h3 20. Be3 Bd6 21.
g3 Rh7 22. Kh2 Rg8 23. Rxd6 cxd6 24. g5 f5 25. Bf4 Kc6 26. Re1 Rb8 27. b3 a5 28.
Re6 Kc5 29. Bxd6+ Kb6 30. Bxb8+ Kb7 31. Bf4 a4 32. Nxa4 Kc8 33. g6 Rb7 34. Ne5
Kd8 35. Nc5 Rc7 36. g7 Rxg7 37. Nc6+ Kc8 38. Re8# 1-0

[Event "AUTO-ELITE-43"]
[Site "http://www.queenalice.com/game.php?id=63178"]
[Date "2006.4.14"]
[Round "1"]
[White "topot"]
[Black "MikeDoherty"]
[Result "0-1"]
[WhiteElo "1500"]
[BlackElo "1941"]

1. e4 e6 2. d4 d5 3. e5 c5 4. c3 Nc6 5. Bb5 Qb6 6. Bxc6+ bxc6 7. Nh3 Ba6 8. Qf3
cxd4 9. Ng5 Nh6 10. Nh3 dxc3 11. Nxc3 Nf5 12. g4 Nd4 13. Qd1 Nb5 14. O-O Nxc3
15. bxc3 Bxf1 16. Kxf1 Bc5 17. Qf3 O-O 18. g5 Qb5+ 19. Kg2 Qc4 20. Bf4 Rab8 21.
g6 fxg6 22. Qg4 Rf5 23. Qh4 h6 24. Rg1 g5 25. Nxg5 hxg5 26. Bxg5 Rxf2+ 27. Kh1
Rbb2 28. Bf4 Qxf4 29. Qd8+ Kh7 30. Rxg7+ Kxg7 31. Qd7+ Qf7 32. Qxe6 Rf1# 0-1

[Event "Let's Play Chess!"]
[Site "http://www.queenalice.com/game.php?id=63225"]
[Date "2006.4.14"]
[Round "-"]
[White "csadler"]
[Black "topot"]
[Result "1-0"]
[WhiteElo "1638"]
[BlackElo "1533"]

1. Nc3 e5 2. e4 Bb4 3. f4 exf4 4. Nf3 Bxc3 5. bxc3 g5 6. Bc4 g4 7. O-O gxf3 8.
Qxf3 Qf6 9. e5 Qxe5 10. Bxf7+ Kxf7 11. d4 Qf5 12. Bxf4 d6 13. Qg3 Ke8 14. Rae1+
Ne7 15. Bg5 Qxf1+ 16. Kxf1 Rf8+ 17. Kg1 Nc6 18. d5 Ne5 19. Bxe7 Kxe7 20. Qg7+
Rf7 21. Qg5+ Ke8 22. Qg8+ Ke7 23. Qg5+ Kd7 24. Qh5 Ke8 25. h3 Bf5 26. Qh6 Bg6
27. Qg5 Kd7 28. Rxe5 dxe5 29. Qxe5 Re8 30. Qd4 b6 31. c4 1-0

[Event "Let's Play Chess!"]
[Site "http://www.queenalice.com/game.php?id=334877"]
[Date "2008.1.11"]
[Round "-"]
[White "CJ"]
[Black "topot"]
[Result "0-1"]
[WhiteElo "1625"]
[BlackElo "1364"]

1. e4 e5 2. Nf3 Nc6 3. Bc4 Nd4 4. Nxe5 Qh4 5. Bxf7+ Kd8 6. O-O g5 7. Nc3 d6 8.
Nc4 g4 9. g3 Qh3 10. d3 Nf3+ 11. Qxf3 gxf3 12. Bg5+ Be7 13. Bxe7+ Nxe7 14. Ne3
h5 15. a4 h4 16. Bd5 Ng6 17. d4 Nf4 18. e5 hxg3 19. Bxf3 Qxh2# 0-1

[Event "Let's Play Chess!"]
[Site "http://www.queenalice.com/game.php?id=334878"]
[Date "2008.1.11"]
[Round "-"]
[White "topot"]
[Black "CJ"]
[Result "1-0"]
[WhiteElo "1390"]
[BlackElo "1578"]

1. d4 e6 2. e4 Be7 3. Nf3 Nf6 4. Bd3 O-O 5. c4 c5 6. Qc2 b6 7. e5 Bb7 8. exf6
Bxf6 9. Bxh7+ Kh8 10. Bg5 Bxg5 11. O-O Bxf3 12. gxf3 g6 13. Bxg6 fxg6 14. Qxg6
Bf4 15. Kh1 Qh4 16. Qg2 Rg8 17. Rg1 Rxg2 18. Rxg2 cxd4 19. Na3 Nc6 20. Rag1 d3
21. Nb5 d2 22. Nc3 Nd4 23. Rg3 Rg8 24. Rxg8+ Kh7 25. R1g7+ Kh6 26. Rg2 Nxf3 27.
Rh8# 1-0

[Event "Let's Play Chess!"]
[Site "http://www.queenalice.com/game.php?id=334879"]
[Date "2008.1.11"]
[Round "-"]
[White "topot"]
[Black "CJ"]
[Result "1-0"]
[WhiteElo "1414"]
[BlackElo "1547"]

1. d4 Nf6 2. f3 Nc6 3. d5 Ne5 4. f4 Nc4 5. e4 b5 6. b3 Nxe4 7. bxc4 b4 8. g3 d6
9. Nd2 Nc3 10. Qf3 Bf5 11. Bb2 g6 12. Bxc3 bxc3 13. Qxc3 f6 14. Bd3 Bg4 15. Ngf3
Qd7 16. O-O Bxf3 17. Nxf3 Qg4 18. Rab1 Bh6 19. Nd4 g5 20. Ne6 Rc8 21. Rb7 gxf4
22. Nxf4 Bxf4 23. Rxf4 Qd1+ 24. Rf1 Qg4 25. Bf5 Qe2 26. Bxc8 Kf7 27. Rxc7 h5 28.
Qe1 Qxc2 29. Qxe7+ Kg6 30. Qxf6# 1-0

[Event "Let's Play Chess!"]
[Site "http://www.queenalice.com/game.php?id=336882"]
[Date "2008.1.15"]
[Round "-"]
[White "luongo_00001"]
[Black "topot"]
[Result "0-1"]
[WhiteElo "1438"]
[BlackElo "1344"]

1. e4 e5 2. Nf3 Nc6 3. Bc4 Nd4 4. Nxe5 Qg5 5. Nf3 Qxg2 6. Rg1 Nxf3+ 7. Ke2 Nd4+
8. Kd3 Qh3+ 9. Kxd4 c5+ 10. Kd5 Qe6# 0-1